| 000 | 00530nam a2200181 i 4500 | ||
|---|---|---|---|
| 001 | 71075 | ||
| 003 | ES-MaACL | ||
| 005 | 20230906171018.0 | ||
| 007 | t| | ||
| 008 | 040805s1966 sp ||||1| spa d | ||
| 100 | 1 |
_aGatheron, J. M. _955959 |
|
| 245 | 1 | 0 |
_aIntroducción a un régimen comunitario / _cJ.M. Gatheron ; [traducción por Pedro Darnell]. |
| 250 | _a[1ª ed.]. | ||
| 260 |
_aBarcelona : _bEstela, _c[1966] |
||
| 300 |
_a551 p. ; _c20 cm. |
||
| 700 | 1 |
_aDarnell, Pedro. _942741 |
|
| 852 |
_aES-MaACL _jC-30993 _bR.60652 |
||
| 999 |
_c71075 _d71075 |
||